[Event "EU-chT Seniors 04th"]
[Site "Dresden"]
[Date "2002.02.26"]
[Round "2.2"]
[White "Opl, Klaus"]
[Black "Vager, Boris"]
[Result "1/2-1/2"]
[WhiteElo "2263"]
[BlackElo "2309"]
[EventDate "2002.02.25"]
[PlyCount "63"]

1.e4 c5 2.Nf3 e6 3.d4 cxd4 4.Nxd4 Nf6 5.Nc3 Nc6 6.Be2 Bb4 7.O-O O-O 8.Nxc6
bxc6 9.e5 Nd5 10.Ne4 f5 11.Nd6 Bxd6 12.exd6 e5 13.c4 Nf6 14.c5 a5 15.f4 e4
16.g4 fxg4 17.Bxg4 Ba6 18.Be2 Bxe2 19.Qxe2 Qe8 20.Bd2 Qg6+ 21.Kh1 Qf5 22.
Bc3 Qxc5 23.Be5 Qd5 24.Rfd1 Qe6 25.Rg1 Rf7 26.b3 Kf8 27.Rg3 g6 28.Re1 Re8 
29.Reg1 Qd5 30.Rd1 Qe6 31.Rdg1 Qd5 32.Rd1 1/2-1/2

[Event "EU-chT Seniors 04th"]
[Site "Dresden"]
[Date "2002.02.26"]
[Round "2.2"]
[White "Rahls, Peter"]
[Black "Starck, Bodo"]
[Result "1-0"]
[WhiteElo "2254"]
[BlackElo "2261"]
[EventDate "2002.02.25"]
[PlyCount "79"]

1.f4 e5 2.fxe5 d6 3.g3 dxe5 4.Bg2 Bc5 5.e3 Nf6 6.Nc3 Bg4 7.Bf3 Qd7 8.Ne4 
Nxe4 9.Bxg4 f5 10.Bf3 Nc6 11.d3 Nf6 12.Bg2 O-O 13.Nh3 Ng4 14.Qe2 Rae8 15.
O-O Kh8 16.Kh1 Rf6 17.Bd2 Nd8 18.e4 fxe4 19.Qxe4 c6 20.Rxf6 Nxf6 21.Qc4 
Bd4 22.Rf1 Qe6 23.Qxe6 Nxe6 24.c3 Bb6 25.Re1 Nc5 26.Bf1 Rd8 27.Ng5 Kg8 28.
d4 exd4 29.Bc4+ Nd5 30.cxd4 Nd7 31.Bc3 Nf6 32.Re7 Rd7 33.Re2 h6 34.Ne4 Kh8
35.Nc5 Bxc5 36.dxc5 Nxc3 37.bxc3 Rd1+ 38.Kg2 Rc1 39.Rb2 Rxc3 40.Bf7 {time}
1-0

[Event "EU-chT Seniors 04th"]
[Site "Dresden"]
[Date "2002.02.26"]
[Round "2.2"]
[White "Richardson, Keith B"]
[Black "Chernikov, Oleg L"]
[Result "1/2-1/2"]
[WhiteElo "2208"]
[BlackElo "2460"]
[EventDate "2002.02.25"]
[PlyCount "85"]

1.c4 c5 2.Nc3 g6 3.g3 Bg7 4.Bg2 d6 5.e3 Nc6 6.Nge2 e5 7.O-O Nge7 8.d3 O-O 
9.Rb1 Be6 10.Nd5 Bxd5 11.cxd5 Nb4 12.Qb3 Qb6 13.a3 Na6 14.Qxb6 axb6 15.Nc3
Nc7 16.e4 Nc8 17.b4 Rb8 18.Bh3 Na7 19.bxc5 bxc5 20.Rb6 Rfd8 21.Bg5 f6 22.
Bd2 Na8 23.Rb3 b5 24.Rfb1 Nc7 25.Nd1 Rb7 26.Ba5 Bh6 27.Kf1 Kf8 28.Ke2 Ke7 
29.Nc3 Ra8 30.Bxc7 Rxc7 31.Nxb5 Nxb5 32.Rxb5 Rxa3 33.Rb7 Ra7 34.Rb8 Bf8 
35.R1b6 c4 36.dxc4 Rxc4 37.Kf3 Rcc7 38.Bc8 Kf7 39.Be6+ Kg7 40.Rc6 h5 41.h4
g5 42.hxg5 fxg5 43.Rxc7+ 1/2-1/2

[Event "EU-chT Seniors 04th"]
[Site "Dresden"]
[Date "2002.02.26"]
[Round "2.2"]
[White "Villing, Dieter"]
[Black "Hoen, Ragnar Harald"]
[Result "0-1"]
[WhiteElo "2231"]
[BlackElo "2311"]
[EventDate "2002.02.25"]
[PlyCount "78"]

1.e4 e5 2.Bc4 Nc6 3.Nf3 Be7 4.c3 Nf6 5.d3 O-O 6.Bg5 d6 7.Nbd2 Nd7 8.Bxe7 
Qxe7 9.Qe2 Nb6 10.Bb3 Be6 11.O-O Rad8 12.Rfe1 Rfe8 13.Bxe6 Qxe6 14.d4 exd4
15.Nxd4 Nxd4 16.cxd4 c5 17.Nb3 Rc8 18.dxc5 dxc5 19.Rad1 Qe5 20.Na5 Rc7 21.
Qb5 h6 22.f4 Qe7 23.b3 Rd8 24.Qe2 Rcd7 25.e5 Rd4 26.Rxd4 cxd4 27.Qe4 d3 
28.Nxb7 d2 29.Rd1 Rd7 30.f5 Rxb7 31.Rxd2 Qc5+ 32.Kf1 Rb8 33.e6 Re8 34.Rc2 
Qd6 35.Rc6 Qd1+ 36.Kf2 fxe6 37.Rxe6 Rf8 38.Re8 Qd7 39.Rxf8+ Kxf8 0-1

[Event "EU-chT Seniors 04th"]
[Site "Dresden"]
[Date "2002.02.26"]
[Round "2.2"]
[White "Werchan, Hans"]
[Black "Farrand, Julian"]
[Result "1-0"]
[WhiteElo "2139"]
[BlackElo "2096"]
[EventDate "2002.02.25"]
[PlyCount "51"]

1.Nf3 d6 2.d4 Nf6 3.Nbd2 Nbd7 4.e4 e5 5.c3 Be7 6.Bc4 h6 7.O-O c6 8.a4 Qc7 
9.Re1 O-O 10.a5 Nxe4 11.Nxe4 d5 12.Bb3 dxe4 13.Rxe4 Bd6 14.Nxe5 Nxe5 15.
dxe5 Bxe5 16.Qh5 Bf6 17.Bf4 Qd7 18.Rae1 Kh7 19.h3 Qf5 20.Qxf5+ Bxf5 21.Rb4
Bc8 22.Bd6 Rd8 23.Bc5 Kg8 24.g4 g6 25.Rf4 Kg7 26.Be7 1-0

[Event "EU-chT Seniors 04th"]
[Site "Dresden"]
[Date "2002.02.26"]
[Round "2.3"]
[White "Beckel, Friedrich"]
[Black "Morgner, Siegfried"]
[Result "1-0"]
[WhiteElo "2031"]
[BlackElo "1730"]
[EventDate "2002.02.25"]
[PlyCount "115"]

1.e4 d6 2.d4 g6 3.Nc3 Bg7 4.f4 Nf6 5.Nf3 a6 6.Bd3 b5 7.e5 Nfd7 8.Be4 c6 9.
exd6 exd6 10.O-O O-O 11.f5 Nb6 12.fxg6 hxg6 13.Bg5 Bf6 14.Bxf6 Qxf6 15.b3 
Qf4 16.Qd3 Qh6 17.Qd2 Qxd2 18.Nxd2 d5 19.Bd3 b4 20.Ne2 a5 21.Nf3 Bg4 22.
Ne5 Bxe2 23.Bxe2 Kg7 24.Nd3 N8d7 25.Bf3 Rfe8 26.a3 bxa3 27.Rxa3 a4 28.bxa4
Nc4 29.Ra2 Ndb6 30.Nc5 Nd2 31.Rfa1 Nxf3+ 32.gxf3 Re2 33.c3 Re3 34.a5 Nc4 
35.Kf2 Rxc3 36.a6 Re3 37.Re2 Rxe2+ 38.Kxe2 Nd6 39.Kd3 Ra7 40.Ra2 Nb5 41.
Ra4 Nc7 42.Kd2 f6 43.Rb4 Nb5 44.Rxb5 cxb5 45.Kc3 Kf7 46.Kb4 Ke7 47.Kxb5 
Kd6 48.Kb6 Rc7 49.a7 Rc6+ 50.Kb7 Rc7+ 51.Kb8 Re7 52.a8=Q Re8+ 53.Kb7 Rxa8 
54.Kxa8 g5 55.Kb8 f5 56.h3 Ke7 57.Kc7 Kf8 58.Kd6 1-0

[Event "EU-chT Seniors 04th"]
[Site "Dresden"]
[Date "2002.02.26"]
[Round "2.3"]
[White "Boeckenhaupt, Rudi"]
[Black "Petzold, Hans"]
[Result "1-0"]
[WhiteElo "1692"]
[BlackElo "1640"]
[EventDate "2002.02.25"]
[PlyCount "35"]

1.e4 e5 2.Nf3 Nf6 3.Nc3 Bb4 4.Nd5 Nxd5 5.exd5 e4 6.Qe2 O-O 7.Nd4 Bc5 8.Qc4
b6 9.b4 Be7 10.Be2 Bb7 11.Nf5 Bf6 12.c3 Re8 13.O-O Na6 14.Qb3 Re5 15.Ne3 
Bg5 16.f4 exf3 17.Bxf3 Qe7 18.d6 1-0

[Event "EU-chT Seniors 04th"]
[Site "Dresden"]
[Date "2002.02.26"]
[Round "2.3"]
[White "Duemmke, Juergen"]
[Black "Lenk, Wolfgang"]
[Result "0-1"]
[WhiteElo "2209"]
[BlackElo "2185"]
[EventDate "2002.02.25"]
[PlyCount "120"]

1.d4 g6 2.Nf3 Nf6 3.Bf4 d6 4.h3 Bg7 5.e3 O-O 6.Be2 c5 7.c3 cxd4 8.exd4 b6 
9.O-O Na6 10.Nbd2 Nc7 11.Bh2 Bb7 12.a4 Ne6 13.a5 bxa5 14.Nc4 Ba6 15.Nxa5 
Qb6 16.Bxa6 Qxa6 17.d5 Nc5 18.Re1 Rfe8 19.b4 Nce4 20.Qd4 Nxc3 21.Qxc3 Nxd5
22.Qb3 Bxa1 23.Rxa1 Nf6 24.b5 Qb6 25.Ng5 d5 26.Be5 Rac8 27.Qb2 Rc5 28.Qe2 
Qxb5 29.Qxb5 Rxb5 30.Nc6 Nd7 31.Bd4 a5 32.f4 Nb6 33.Nf3 Nc4 34.Nfe5 Nxe5 
35.Bxe5 f6 36.Bd4 Kf7 37.Kh2 Ra8 38.Na7 Rb4 39.Bc5 Rc4 40.Rxa5 Rxc5 41.
Rxc5 Rxa7 42.Rxd5 Ke6 43.Rb5 h5 44.h4 Rd7 45.Kg3 Rd5 46.Rb3 Kf5 47.Kf3 e5 
48.fxe5 fxe5 49.Rb4 Rd4 50.Rb8 Rxh4 51.Rf8+ Kg5 52.g3 Ra4 53.Re8 e4+ 54.
Ke3 Kg4 55.Re6 g5 56.Re5 Ra3+ 57.Kf2 Rf3+ 58.Ke2 Rf5 59.Rxe4+ Kxg3 60.Re3+
Kg2 0-1

[Event "EU-chT Seniors 04th"]
[Site "Dresden"]
[Date "2002.02.26"]
[Round "2.3"]
[White "Gafke, Manfred"]
[Black "Pietruske, Siegfried"]
[Result "1-0"]
[WhiteElo "1723"]
[BlackElo "1949"]
[EventDate "2002.02.25"]
[PlyCount "80"]

1.d4 e6 2.Nf3 f5 3.g3 Nf6 4.Bg2 d5 5.Bg5 c6 6.c3 Bd6 7.Nbd2 h6 8.Bxf6 Qxf6
9.e3 O-O 10.O-O Nd7 11.Re1 e5 12.dxe5 Nxe5 13.Nxe5 Qxe5 14.Nf3 Qe7 15.Nd4 
Bd7 16.Qb3 Rab8 17.Rad1 Be8 18.e4 fxe4 19.Rxe4 Qf6 20.Re2 Bh5 21.Red2 Qg5 
22.Qc2 Rbe8 23.Rf1 Bg6 24.Qc1 Be4 25.Rdd1 Bf4 26.Qa1 Bc7 27.Qc1 Qg6 28.
Rfe1 Bf4 29.Bxe4 Rxe4 30.Qb1 Rfe8 31.Rxe4 dxe4 32.Re1 Bc7 33.Qc2 c5 34.Nb5
Bb8 35.c4 Qg4 36.Nc3 e3 37.Rxe3 Rxe3 38.fxe3 Qxc4 39.Qf5 Qf7 40.Qc8+ Kh7 
1-0

[Event "EU-chT Seniors 04th"]
[Site "Dresden"]
[Date "2002.02.26"]
[Round "2.3"]
[White "Golcman, Evgeny"]
[Black "Weise, Wolfgang"]
[Result "0-1"]
[WhiteElo "2225"]
[BlackElo "2198"]
[EventDate "2002.02.25"]
[PlyCount "72"]

1.c4 g6 2.Nc3 Bg7 3.d4 Nf6 4.e4 O-O 5.Be3 c5 6.d5 b5 7.cxb5 d6 8.Be2 a6 9.
bxa6 Bxa6 10.Nf3 Ng4 11.Bd2 Nd7 12.O-O Nge5 13.Nxe5 Nxe5 14.Bxa6 Rxa6 15.
Qe2 Qb6 16.Rab1 Rfa8 17.b3 c4 18.Na4 Qb5 19.Bc3 Nd3 20.Bxg7 Kxg7 21.Qe3 
cxb3 22.axb3 Ne5 23.Rfd1 f6 24.h3 g5 25.Rbc1 R8a7 26.Rc3 Rb7 27.Rdc1 Rb8 
28.Rc7 Ng6 29.Rb7 Rxb7 30.Nc3 Qxb3 31.Rb1 Qxb1+ 32.Nxb1 Rxb1+ 33.Kh2 h5 
34.Qf3 h4 35.Qf5 Rb2 36.Kh1 Nf4 0-1

[Event "EU-chT Seniors 04th"]
[Site "Dresden"]
[Date "2002.02.26"]
[Round "2.3"]
[White "Kholmov, Ratmir D"]
[Black "Wade, Robert Graham"]
[Result "1/2-1/2"]
[WhiteElo "2441"]
[BlackElo "2224"]
[EventDate "2002.02.25"]
[PlyCount "144"]

1.e4 e6 2.d4 d5 3.Nd2 c5 4.exd5 exd5 5.Ngf3 Nc6 6.Bb5 Bd6 7.dxc5 Bxc5 8.
O-O Ne7 9.c4 a6 10.Bxc6+ bxc6 11.Nb3 Ba7 12.cxd5 cxd5 13.Bf4 O-O 14.Rc1 
Bg4 15.Bc7 Bxf3 16.Qxf3 Qd7 17.Be5 Rac8 18.Qd3 Ng6 19.Bd4 Nf4 20.Qd2 Bb8 
21.g3 Rxc1 22.Rxc1 Ne6 23.Be3 f5 24.Nc5 Qd6 25.Nxe6 Qxe6 26.Bc5 Rc8 27.Re1
Qc6 28.Bd4 f4 29.gxf4 Re8 30.Rxe8+ Qxe8 31.Qe3 Qd7 32.h3 Kf7 33.Qf3 Qf5 
34.Be5 Qg6+ 35.Kh2 Bxe5 36.Qxd5+ Qe6 37.Qxe5 Qxa2 38.f5 Qc4 39.Kg3 Qb3+ 
40.Kg4 Qc4+ 41.Kh5 Qc6 42.Kg5 Qg2+ 43.Qg3 Qc6 44.Qb3+ Kf8 45.Qb4+ Kf7 46.
Kf4 Qh6+ 47.Kg4 Qc6 48.f3 Qd5 49.Qe4 Qd6 50.b4 Qb6 51.h4 Kf6 52.Qf4 Kf7 
53.Qc4+ Kf6 54.Qc3+ Kf7 55.Qd2 Qc6 56.Qa2+ Kf6 57.Qb2+ Kf7 58.Qb3+ Kf6 59.
Qd3 Qb6 60.Qe4 Qd6 61.Qf4 Qb6 62.Qg5+ Kf7 63.Qh5+ Kf6 64.Qxh7 Qxb4+ 65.f4 
Qb2 66.Qg6+ Ke7 67.Qxa6 Qg2+ 68.Kh5 Qf3+ 69.Kg6 Qg4+ 70.Kh7 Qxh4+ 71.Kxg7 
Qg3+ 72.Kh6 Qxf4+ 1/2-1/2

[Event "EU-chT Seniors 04th"]
[Site "Dresden"]
[Date "2002.02.26"]
[Round "2.3"]
[White "Kristiansen, Erling"]
[Black "Eis, Helko"]
[Result "1-0"]
[WhiteElo "2246"]
[BlackElo "2108"]
[EventDate "2002.02.25"]
[PlyCount "65"]

1.e4 d6 2.d4 Nf6 3.f3 e5 4.dxe5 dxe5 5.Qxd8+ Kxd8 6.Bc4 Be6 7.Bxe6 fxe6 8.
Be3 Nbd7 9.Nd2 Bd6 10.Nh3 Ke7 11.Nf2 h6 12.Nd3 b6 13.Nc4 Nh5 14.g4 Nhf6 
15.Ke2 Rag8 16.Bd2 b5 17.Na5 Nb8 18.a4 c6 19.axb5 cxb5 20.Nb7 Nc6 21.Be3 
Ra8 22.Ra6 Rhc8 23.Nxd6 Kxd6 24.Nb4 Kd7 25.Rd1+ Nd4+ 26.Bxd4 exd4 27.Rxd4+
Ke7 28.Rdd6 Kf7 29.Rxe6 Rc4 30.c3 Nd7 31.Nd5 Nc5 32.Re7+ Kf8 33.Raxa7 1-0

[Event "EU-chT Seniors 04th"]
[Site "Dresden"]
[Date "2002.02.26"]
[Round "2.3"]
[White "Landgraf, Siegfried"]
[Black "Brameyer, Hermann"]
[Result "0-1"]
[WhiteElo "2074"]
[BlackElo "2225"]
[EventDate "2002.02.25"]
[PlyCount "58"]

1.Nf3 d5 2.g3 Nf6 3.Bg2 c5 4.O-O Nc6 5.d4 e6 6.c4 Be7 7.cxd5 exd5 8.dxc5 
Bxc5 9.Qc2 Bb6 10.Nc3 Be6 11.Na4 O-O 12.Bg5 h6 13.Nxb6 axb6 14.Bf4 Qe7 15.
a3 Rfd8 16.Rac1 d4 17.Ne5 Rac8 18.Qd3 Bd5 19.Bxd5 Rxd5 20.Nc4 Rh5 21.Qf3 
Rd8 22.Rfd1 b5 23.Nb6 Qe6 24.Bc7 Re8 25.a4 Rf5 26.Qd3 bxa4 27.Nxa4 Ng4 28.
f3 Ne3 29.Nc5 Rxc5 0-1

[Event "EU-chT Seniors 04th"]
[Site "Dresden"]
[Date "2002.02.26"]
[Round "2.3"]
[White "Meier, Wolfgang"]
[Black "Niedermayr, Horst"]
[Result "1-0"]
[WhiteElo "2102"]
[BlackElo "2172"]
[EventDate "2002.02.25"]
[PlyCount "95"]

1.Nf3 d6 2.d4 f5 3.g3 Nf6 4.Bg2 g6 5.c4 Bg7 6.Nc3 O-O 7.O-O Nc6 8.d5 Ne5 
9.Nxe5 dxe5 10.Qc2 a6 11.Rd1 h6 12.Rb1 g5 13.b4 Qe8 14.c5 Qh5 15.Rb3 e4 
16.f3 exf3 17.exf3 Bd7 18.Re1 Rac8 19.c6 bxc6 20.dxc6 Bxc6 21.Qxf5 Kh8 22.
Qd3 Bb7 23.Qe2 e5 24.Be3 Nd5 25.Ne4 Nxe3 26.Rxe3 Bxe4 27.Rxe4 Ra8 28.Qc4 
Qf7 29.Rc1 Ra7 30.a3 Qxc4 31.Rexc4 Rf7 32.Rd1 Bf8 33.Rd5 Bd6 34.Kf2 Kg7 
35.Ke3 Rf8 36.Bf1 Rb8 37.Rc6 a5 38.Rxa5 Rxa5 39.bxa5 Rb3+ 40.Bd3 Rxa3 41.
a6 Ra5 42.Rc2 Kf6 43.Ke4 Ke6 44.Bc4+ Kf6 45.Ra2 Rxa2 46.Bxa2 Bc5 47.Kd5 
Bb6 48.g4 1-0

[Event "EU-chT Seniors 04th"]
[Site "Dresden"]
[Date "2002.02.26"]
[Round "2.3"]
[White "Neudel, Bernd"]
[Black "Netz, Siegfried"]
[Result "1/2-1/2"]
[WhiteElo "1767"]
[BlackElo "1936"]
[EventDate "2002.02.25"]
[PlyCount "86"]

1.d4 f5 2.Nf3 Nf6 3.g3 e6 4.Bg2 Be7 5.c4 d6 6.Nc3 O-O 7.O-O a5 8.b3 Nc6 9.
Bb2 Qe8 10.Nb5 Bd8 11.e3 Qh5 12.Nd2 Qg6 13.Qe2 e5 14.f4 e4 15.a3 Bd7 16.
Rae1 h5 17.Qd1 Ng4 18.Bh3 Kf7 19.Bxg4 hxg4 20.Rf2 Rh8 21.Nf1 Na7 22.Nc3 c6
23.Qd2 Rb8 24.b4 b5 25.c5 Qe6 26.Ba1 Nc8 27.Qa2 Ra8 28.Qxe6+ Bxe6 29.Rd2 
Bc4 30.Bb2 Ke6 31.Red1 Bd3 32.Na2 Bf6 33.bxa5 dxc5 34.dxc5 Bxb2 35.Rxb2 
Rxa5 36.Nb4 Rxa3 37.Nxc6 Kd5 38.Nd4 Kxc5 39.Rc1+ Kb6 40.Nxf5 Rd8 41.Nd4 
Nd6 42.Nd2 g6 43.Kf2 Nf5 1/2-1/2

[Event "EU-chT Seniors 04th"]
[Site "Dresden"]
[Date "2002.02.26"]
[Round "2.3"]
[White "Schurig, Wilhelm"]
[Black "Krueger, Erich"]
[Result "1-0"]
[WhiteElo "1959"]
[BlackElo "2215"]
[EventDate "2002.02.25"]
[PlyCount "92"]

1.Nf3 Nf6 2.g3 g6 3.Bg2 Bg7 4.d3 O-O 5.O-O d5 6.Nbd2 c5 7.e4 Nc6 8.c3 b6 
9.Qe2 e6 10.Ne1 Ba6 11.e5 Nd7 12.f4 Rc8 13.Ndf3 b5 14.Be3 b4 15.c4 Ne7 16.
b3 Nb6 17.Nc2 Nf5 18.Bf2 dxc4 19.dxc4 Nd5 20.Be1 Nc3 21.Bxc3 bxc3 22.Rfd1 
Qa5 23.g4 Ne7 24.Ng5 Rcd8 25.Rxd8 Rxd8 26.Ne4 Nc6 27.Qf2 Nd4 28.b4 Nxc2 
29.bxa5 Nxa1 30.Nxc3 f6 31.Qxc5 fxe5 32.Qe7 Rf8 33.Qxe6+ Kh8 34.Qxa6 exf4 
35.Ne4 f3 36.Bf1 Nc2 37.Qd6 Bd4+ 38.Kh1 Bg7 39.Qd2 Nd4 40.g5 Ne6 41.Qd6 
Nd4 42.Nf6 Nf5 43.Qf4 h6 44.h4 Rd8 45.c5 h5 46.c6 Bf8 1-0

[Event "EU-chT Seniors 04th"]
[Site "Dresden"]
[Date "2002.02.26"]
[Round "2.4"]
[White "Barnstedt, Dietrich"]
[Black "Ofstad, Per"]
[Result "0-1"]
[WhiteElo "2085"]
[BlackElo "2196"]
[EventDate "2002.02.25"]
[PlyCount "87"]

1.d4 d5 2.Nf3 Nf6 3.Bg5 e6 4.Nbd2 Be7 5.e3 Nbd7 6.Bd3 c5 7.c3 O-O 8.O-O h6
9.Bh4 b6 10.Qe2 Bb7 11.Rad1 Nh5 12.Ne5 Nxe5 13.Bxe7 Qxe7 14.dxe5 g6 15.f4 
Rad8 16.g4 Ng7 17.Nf3 d4 18.e4 dxc3 19.bxc3 Rd7 20.c4 Rfd8 21.f5 exf5 22.
gxf5 Nh5 23.Qe3 g5 24.e6 fxe6 25.Ne5 Nf4 26.Nxd7 exf5 27.Bc2 Rxd7 28.Rxd7 
Qxd7 29.Rd1 Qe8 30.Qd2 Bc6 31.Qd8 Ne2+ 32.Kf2 Nd4 33.Qxe8+ Bxe8 34.Bd3 f4 
35.Rg1 Bd7 36.Be2 Kf7 37.Bh5+ Kf6 38.h4 Be6 39.hxg5+ hxg5 40.Rc1 g4 41.Be8
Ke5 42.Bg6 g3+ 43.Kg2 f3+ 44.Kh1 0-1

[Event "EU-chT Seniors 04th"]
[Site "Dresden"]
[Date "2002.02.26"]
[Round "2.4"]
[White "Daniel, Wolfgang"]
[Black "Flockhart, Hugh"]
[Result "1/2-1/2"]
[WhiteElo "1871"]
[BlackElo "1584"]
[EventDate "2002.02.25"]
[PlyCount "38"]

1.e4 d5 2.exd5 Nf6 3.d4 Bg4 4.Nf3 Qxd5 5.Be2 Nc6 6.c4 Qd7 7.Be3 O-O-O 8.d5
Bxf3 9.Bxf3 Ne5 10.Be2 e6 11.Qd4 Nc6 12.dxc6 Qxd4 13.cxb7+ Kxb7 14.Bxd4 
Rxd4 15.O-O Bc5 16.Nc3 a6 17.b4 Ba7 18.Rab1 Rhd8 19.c5 c6 1/2-1/2

[Event "EU-chT Seniors 04th"]
[Site "Dresden"]
[Date "2002.02.26"]
[Round "2.4"]
[White "Kneschke, Hansjuergen"]
[Black "Harzer, Paul"]
[Result "1/2-1/2"]
[WhiteElo "1960"]
[BlackElo "2015"]
[EventDate "2002.02.25"]
[PlyCount "22"]

1.d4 f5 2.e4 fxe4 3.Nc3 Nf6 4.Bg5 Nc6 5.d5 Ne5 6.Qd4 Nf7 7.Bxf6 exf6 8.
Nxe4 d6 9.O-O-O Be7 10.Bb5+ Bd7 11.Qa4 a6 1/2-1/2

[Event "EU-chT Seniors 04th"]
[Site "Dresden"]
[Date "2002.02.26"]
[Round "2.4"]
[White "Lieb, Harald"]
[Black "Mueckan, Friedbert"]
[Result "1-0"]
[WhiteElo "2300"]
[BlackElo "2000"]
[EventDate "2002.02.25"]
[PlyCount "67"]

1.d4 Nf6 2.Nf3 g6 3.c4 Bg7 4.Nc3 O-O 5.e4 d6 6.Be2 c6 7.O-O Bg4 8.Be3 Nbd7
9.h3 Bxf3 10.Bxf3 e5 11.d5 c5 12.a3 Ne8 13.b4 b6 14.Rb1 f5 15.a4 cxb4 16.
Rxb4 f4 17.Bd2 Nc5 18.a5 bxa5 19.Rb5 a6 20.Rb1 Nf6 21.Qc2 Qc7 22.Ra1 Rfb8 
23.Ra3 Ra7 24.Na4 Nb7 25.Rb1 Bf8 26.Rb6 Nd7 27.Rc6 Qd8 28.Bg4 Nf6 29.Be6+ 
Kg7 30.Rb3 Nd7 31.Qb2 Nf6 32.f3 Ne8 33.Bxf4 Nc7 34.Bxe5+ 1-0

[Event "EU-chT Seniors 04th"]
[Site "Dresden"]
[Date "2002.02.26"]
[Round "2.4"]
[White "MacDonald Ross, Michael"]
[Black "Bebchuk, Evgeni"]
[Result "1/2-1/2"]
[WhiteElo "2170"]
[BlackElo "2333"]
[EventDate "2002.02.25"]
[PlyCount "78"]

1.d4 Nf6 2.Nf3 e6 3.e3 c5 4.Bd3 Nc6 5.O-O Qb6 6.Be2 d5 7.b3 cxd4 8.exd4 
Be7 9.Be3 O-O 10.Nbd2 Qc7 11.c4 Ng4 12.g3 Nxe3 13.fxe3 f5 14.a3 a5 15.Nb1 
Kh8 16.Nc3 Qd8 17.Ne1 Bf6 18.cxd5 exd5 19.Bf3 Ne7 20.Ra2 b6 21.Rff2 Ba6 
22.Ng2 g5 23.Be2 Bxe2 24.Qxe2 Rc8 25.Qd3 Rc6 26.Rac2 Qd7 27.Nb5 Rfc8 28.a4
Kg7 29.Ne1 Rxc2 30.Rxc2 Rxc2 31.Qxc2 Nc6 32.Kg2 Be7 33.Qc3 h5 34.Qd3 Kf6 
35.Qe2 Qe6 36.Qf3 g4 37.Qf4 Kg6 38.Nc7 Qd7 39.Nb5 Qe6 1/2-1/2

[Event "EU-chT Seniors 04th"]
[Site "Dresden"]
[Date "2002.02.26"]
[Round "2.4"]
[White "Neese, Hans Joachim"]
[Black "Fehres, Werner"]
[Result "1-0"]
[WhiteElo "2136"]
[BlackElo "2104"]
[EventDate "2002.02.25"]
[PlyCount "103"]

1.d4 d5 2.Nf3 Nf6 3.c4 e6 4.Nc3 Be7 5.Bf4 O-O 6.e3 Nbd7 7.h3 Re8 8.Qb3 c6 
9.Be2 Nf8 10.Ne5 dxc4 11.Bxc4 Nd5 12.Bh2 f6 13.Nf3 Bd6 14.O-O Bxh2+ 15.
Kxh2 Kh8 16.Rfe1 Qc7+ 17.g3 Bd7 18.Rac1 Qb6 19.Qc2 Qd8 20.Ne4 Bc8 21.a3 a5
22.Bd3 Re7 23.Nc5 b6 24.Na4 b5 25.Nc5 Rc7 26.e4 Ne7 27.Qd2 Neg6 28.h4 Ne7 
29.Bf1 Bd7 30.Bh3 Qc8 31.Red1 Qe8 32.Nd3 Qf7 33.Qf4 Raa7 34.Rc5 Qe8 35.g4 
Nfg6 36.Qg3 Ng8 37.h5 Nf8 38.Rdc1 Ne7 39.Nh4 Bc8 40.f4 Nd7 41.R5c2 Nb6 42.
Nc5 Nc4 43.Bf1 Nd6 44.f5 Nf7 45.fxe6 Ng5 46.Qd6 Ng8 47.d5 Nh6 48.Qf4 Re7 
49.Bg2 Ng8 50.Nf5 Rec7 51.d6 g6 52.dxc7 1-0

[Event "EU-chT Seniors 04th"]
[Site "Dresden"]
[Date "2002.02.26"]
[Round "2.4"]
[White "Titz, Herbert"]
[Black "Prelovskij, Rudolf"]
[Result "0-1"]
[WhiteElo "2123"]
[BlackElo "2208"]
[EventDate "2002.02.25"]
[PlyCount "105"]

1.e4 c5 2.Nc3 d6 3.f4 a6 4.Nf3 Nc6 5.d4 cxd4 6.Nxd4 e6 7.Nb3 Nf6 8.Be3 b5 
9.a3 Be7 10.Bd3 h5 11.Be2 Bb7 12.Bf3 Qc7 13.Qe2 h4 14.Qf2 Nd7 15.Rd1 Rc8 
16.O-O Nd8 17.Rfe1 Ba8 18.Rd2 Rb8 19.Qe2 Nb6 20.Rd3 Nc4 21.Bc1 Kf8 22.Nd1 
Nb7 23.Nf2 Bf6 24.c3 a5 25.Nd4 Nc5 26.Rdd1 Bxd4 27.Rxd4 Nb3 28.Rdd1 Bb7 
29.Qc2 Nxc1 30.Rxc1 Qb6 31.Qe2 Ba6 32.Kh1 Qc7 33.Red1 Re8 34.b3 Nb6 35.Qd2
Rd8 36.c4 bxc4 37.Qxa5 Ra8 38.Qb4 Kg8 39.Rxd6 Rb8 40.Qd2 Qc5 41.b4 Qc8 42.
e5 Bb5 43.Be4 g6 44.Nd1 h3 45.g3 Nd5 46.Nc3 Nxc3 47.Qxc3 Qc7 48.Qc2 Qa7 
49.Qc3 Kg7 50.Rcd1 Rhc8 51.R1d4 Qa4 52.Bc2 Bc6+ 53.Kg1 0-1

[Event "EU-chT Seniors 04th"]
[Site "Dresden"]
[Date "2002.02.26"]
[Round "2.4"]
[White "Winiwarter, Felix"]
[Black "Neubert, Gerhard"]
[Result "1-0"]
[WhiteElo "2188"]
[BlackElo "1876"]
[EventDate "2002.02.25"]
[PlyCount "67"]

1.e4 c5 2.Nf3 e6 3.d4 cxd4 4.Nxd4 Nf6 5.Nc3 Bb4 6.e5 Nd5 7.Bd2 Nxc3 8.bxc3
Be7 9.Qg4 g6 10.Bd3 Nc6 11.Nxc6 dxc6 12.O-O Qd5 13.Rfe1 b6 14.a4 Bb7 15.a5
b5 16.a6 Bc8 17.Bh6 Bd7 18.c4 bxc4 19.Bxc4 Qc5 20.Be3 Qb4 21.Qd4 c5 22.Qd3
Qb8 23.Red1 Bc6 24.Rab1 Qc7 25.Bh6 Rd8 26.Qe3 Rd7 27.Bg7 Rg8 28.Bf6 Rxd1+ 
29.Rxd1 Bd7 30.Qb3 Bc8 31.Bb5+ Kf8 32.Qe3 Bxf6 33.exf6 g5 34.Qxc5+ 1-0

[Event "EU-chT Seniors 04th"]
[Site "Dresden"]
[Date "2002.02.26"]
[Round "2.4"]
[White "Zanger, Konrad"]
[Black "Mauersberger, Hermann"]
[Result "1/2-1/2"]
[WhiteElo "1695"]
[BlackElo "2010"]
[EventDate "2002.02.25"]
[PlyCount "77"]

1.d4 e5 2.c3 e4 3.e3 d5 4.Ne2 Bd6 5.b3 Nf6 6.Ba3 Bg4 7.h3 Bc8 8.g3 O-O 9.
Bg2 a6 10.O-O Nc6 11.Bxd6 Qxd6 12.Nd2 Ne7 13.c4 c6 14.Rc1 Bd7 15.Nc3 b6 
16.Na4 Qb8 17.c5 Nc8 18.cxb6 Nxb6 19.Nc5 Rc8 20.a4 Be8 21.a5 Nbd7 22.Nxd7 
Nxd7 23.Qc2 Qb4 24.Qc3 Rab8 25.Rfd1 Rb5 26.Bf1 Qxc3 27.Rxc3 Rxa5 28.Rdc1 
Nb8 29.Rc5 Ra2 30.Nb1 Bd7 31.Nc3 Rb2 32.Nxd5 Re8 33.Nc7 Re7 34.Nxa6 Rxb3 
35.d5 Nxa6 36.Bxa6 cxd5 37.Rxd5 Kf8 38.Bc8 Be8 39.Rcd1 1/2-1/2

[Event "EU-chT Seniors 04th"]
[Site "Dresden"]
[Date "2002.02.27"]
[Round "3.1"]
[White "Biebinger, Gerhard"]
[Black "Denda, Ronald"]
[Result "1-0"]
[WhiteElo "2383"]
[BlackElo "1976"]
[EventDate "2002.02.25"]
[PlyCount "67"]

1.d4 d5 2.c4 e6 3.Nc3 Nf6 4.Nf3 Nbd7 5.Bg5 c6 6.cxd5 exd5 7.e3 Be7 8.Bd3 
O-O 9.Qc2 Re8 10.O-O h6 11.Bf4 Nh5 12.Be5 
    ( 12.Nxd5 $1 Nxf4 13.Nxf4 $14 )
12...Nxe5 13.Nxe5 Nf6 14.f4 Bd6 15.h3 h5 16.Rae1 Re7 17.Qf2 g6 18.Qh4 Kg7 
19.Rf3 Bxe5 20.dxe5 Ng8 21.Rg3 Kf8 22.f5 Bxf5 23.Bxf5 gxf5 24.Qg5 Rxe5 25.
Qxg8+ Ke7 26.Qg5+ Kd7 27.Qxh5 Qf6 28.Rf1 Rh8 29.Qd1 Kc7 30.Qd4 b6 31.Rgf3 
Rh4 32.Qd3 Qe6 33.Ne2 c5 34.Nf4 1-0

[Event "EU-chT Seniors 04th"]
[Site "Dresden"]
[Date "2002.02.27"]
[Round "3.1"]
[White "Delander, Adolf"]
[Black "Johannessen, Svein"]
[Result "1/2-1/2"]
[WhiteElo "2252"]
[BlackElo "2279"]
[EventDate "2002.02.25"]
[PlyCount "33"]

1.d4 Nf6 2.Nf3 d6 3.Nbd2 g6 4.e4 Bg7 5.Bc4 O-O 6.O-O Nfd7 7.c3 Nc6 8.Re1 
e5 9.dxe5 Ndxe5 10.Nxe5 Nxe5 11.Be2 a5 12.Nf3 Nd7 13.Be3 Qe7 14.Bd3 a4 15.
a3 Ne5 16.Nxe5 dxe5 17.Bb5 1/2-1/2

[Event "EU-chT Seniors 04th"]
[Site "Dresden"]
[Date "2002.02.27"]
[Round "3.1"]
[White "Eiselt, Peter"]
[Black "Toothill, John"]
[Result "0-1"]
[WhiteElo "1832"]
[BlackElo "2192"]
[EventDate "2002.02.25"]
[PlyCount "66"]

1.c4 e5 2.Nc3 Nf6 3.Nf3 d6 4.d4 e4 5.Ng5 Bf5 6.g4 Bg6 7.Bg2 Qe7 8.f3 exf3 
9.Bxf3 c6 10.Qb3 Qc7 11.Bf4 h5 12.Nge4 Nxe4 13.Nxe4 hxg4 14.Bg2 Nd7 15.O-O
Bxe4 16.Bxe4 Qb6 17.Qe3 O-O-O 18.Bf5 g6 19.c5 dxc5 20.Bxg4 f5 21.Bf3 cxd4 
22.Qe6 Bh6 23.Bxh6 Rxh6 24.Rfc1 d3+ 25.e3 c5 26.Qd5 Qc6 27.Qxc6+ bxc6 28.
Bxc6 d2 29.Rd1 Ne5 30.Bg2 Nc4 31.b4 Nxe3 32.bxc5 Rh4 33.h3 Rc4 0-1

[Event "EU-chT Seniors 04th"]
[Site "Dresden"]
[Date "2002.02.27"]
[Round "3.1"]
[White "Hecht, Hans Joachim"]
[Black "Boehnisch, Manfred"]
[Result "1-0"]
[WhiteElo "2411"]
[BlackElo "2354"]
[EventDate "2002.02.25"]
[PlyCount "111"]

1.d4 d5 2.c4 c6 3.Nf3 Nf6 4.e3 e6 5.Nbd2 Nbd7 6.Bd3 Bd6 7.O-O O-O 8.e4 
dxe4 9.Nxe4 Nxe4 10.Bxe4 h6 11.Bc2 b6 12.Qd3 Nf6 13.Ne5 Bxe5 14.dxe5 Qxd3 
15.Bxd3 Nd7 16.f4 Rd8 17.Rd1 Bb7 18.Be3 c5 19.Bc2 Kf8 20.Rd6 Ke7 21.Rad1 
f6 22.Ba4 Nf8 23.Rxd8 Rxd8 24.Rxd8 Kxd8 25.exf6 gxf6 26.f5 exf5 27.Bxh6 
Ng6 28.Bd1 Nh4 29.g3 Nf3+ 30.Bxf3 Bxf3 31.Kf2 Be4 32.Ke3 Bb1 33.a3 a6 34.
b4 cxb4 35.axb4 a5 36.bxa5 bxa5 37.Bf8 Bc2 38.Ba3 Kd7 39.h4 Bd1 40.Bb2 Ke6
41.Kd4 a4 42.Kc5 Be2 43.Kb4 f4 44.gxf4 Kf5 45.c5 Kxf4 46.c6 f5 47.c7 Ba6 
48.Bc3 Kg4 49.Be1 f4 50.Kxa4 Kf5 51.Ka5 Bc8 52.Kb6 Ke6 53.Ka7 Kd7 54.Kb8 
Ba6 55.Bf2 f3 56.Bg3 1-0